00713 2200241 4500001002100000005001700021008004100038035002400079082001000103090001500113245014900128260002800277300002900305500001100334650002400345700002200369700002000391850001500411980001200426985000600438999001500444990001200459YOGYA-0209000000313220090227020611.0 ind  0010-020900000003132 a338.9 a228.9bMen aMENCARI bentuk ekonomi Indonesiabperkembangan pemikiran 1965-1981 ; penyunting, redaksi ekonomi Harian Kompas, Sumarkoco Sudiro, Faymond Toruan aJakartabGramediac1982 axx, 616 hlmbilusc21 cm aIndeks aEkonomi Pembangunan aSudiro, Sumarkoco aToruan, Faymond aYOPDYOG(B) a23-1-06 a1 aP000021203 a21203-P